Giá trị tinh thần truyền thống của dân tộc Việt Nam

保存先:
書誌詳細
第一著者: Trần, Văn Giàu
フォーマット: 図書
言語:Undetermined
出版事項: Hà Nội KHXH 1980
主題:
タグ: タグ追加
タグなし, このレコードへの初めてのタグを付けませんか!
Thư viện lưu trữ: Trung tâm Học liệu Trường Đại học Cần Thơ
LEADER 00656nam a2200205Ia 4500
001 CTU_5452
008 210402s9999 xx 000 0 und d
082 |a 305.89597 
082 |b Gi111 
100 |a Trần, Văn Giàu 
245 0 |a Giá trị tinh thần truyền thống của dân tộc Việt Nam 
245 0 |c Trần Văn Giàu 
260 |a Hà Nội 
260 |b KHXH 
260 |c 1980 
526 |a Chủ nghĩa nhân văn và văn học Việt Nam 
526 |b XH605 
650 |a ethics, vietnamese 
904 |i Nguyễn Quang Điền, 960717 
980 |a Trung tâm Học liệu Trường Đại học Cần Thơ